| 000 | 02061cam a2200301 4500500 | ||
|---|---|---|---|
| 005 | 20260111150113.0 | ||
| 041 | _afre | ||
| 042 | _adc | ||
| 100 | 1 | 0 |
_aLe Guirriec, Patrick _eauthor |
| 245 | 0 | 0 | _aRetour aux fondamentaux méthodologiques |
| 260 | _c2010. | ||
| 500 | _a97 | ||
| 520 | _aRésuméDans cet article principalement méthodologique, nous souhaitons montrer que l’observation d’un événement mettant en scène les relations entre les groupes de Marocains dans une ville de la banlieue parisienne et entre ceux-ci et les représentants de l’État permet d’aller au-delà des discours et de comprendre des phénomènes qui ne peuvent être appréhendés par la méthode de l’entretien. | ||
| 520 | _aIn this mainly methodological paper we attempt to show that the observation of an event staging relations between some groups of Moroccans in a city of the Parisian outskirts and between them and the representatives of the State allows to go beyond speeches and to understand phenomena which cannot be verbalized. | ||
| 520 | _aZusammenfassungDieser methodologisch orientierte Artikel zeigt, dass die Methode der teilnehmenden Beobachtung es ermöglicht Phänomene zu erfassen und zu verstehen, die im Rahmen von Interviews nicht im selben Maß erfasst werden können. Praktisch illustriert wird diese These anhand einer Beobachtung der Beziehungen zwischen verschiedenen marokkanischen Gruppen in einem Pariser Vorort und der Beziehung dieser Gruppen zu den Staatsvertretern. | ||
| 690 | _aanthropologie urbaine | ||
| 690 | _aClichy La Garenne | ||
| 690 | _adescription ethnographique | ||
| 690 | _amarocains | ||
| 690 | _aobservation participante | ||
| 690 | _aClichy La Garenne | ||
| 690 | _aethnographic description | ||
| 690 | _amoroccans | ||
| 690 | _aparticipant observation | ||
| 690 | _aurban anthropology | ||
| 786 | 0 | _nEthnologie française | 40 | 4 | 2010-10-29 | p. 725-733 | 0046-2616 | |
| 856 | 4 | 1 | _uhttps://shs.cairn.info/revue-ethnologie-francaise-2010-4-page-725?lang=fr&redirect-ssocas=7080 |
| 999 |
_c1637039 _d1637039 |
||